Sports Quiz

Random Sports or Football Quiz

Yahoo Fantasy FB - 2014 Projected Top 150 vs. Actual Quiz Stats

 Plays Quiz not verified by Sporcle

Score 0/300 Timer 20:00
0 Plays Today
Heading Player % Correct
ProjectedPeyton Manning
96.8%
ActualPeyton Manning
96.8%
ActualEli Manning
96.8%
ProjectedLeSean McCoy
96.2%
ProjectedAdrian Peterson
96.2%
ProjectedAaron Rodgers
96.2%
ActualAaron Rodgers
96.2%
ActualLeSean McCoy
96.2%
ProjectedDrew Brees
95.5%
ActualDrew Brees
95.5%
ProjectedCalvin Johnson
94.3%
ProjectedDeMarco Murray
94.3%
ProjectedAndre Johnson
94.3%
ActualDeMarco Murray
94.3%
ActualCalvin Johnson
94.3%
ActualAndre Johnson
94.3%
ProjectedAndrew Luck
93.6%
ProjectedChris Johnson
93.6%
ProjectedRussell Wilson
93.6%
ProjectedDontae Johnson
93.6%
ActualAndrew Luck
93.6%
ActualRussell Wilson
93.6%
ActualChris Johnson
93.6%
ProjectedJamaal Charles
93%
ProjectedAntonio Brown
93%
ProjectedTom Brady
93%
ActualAntonio Brown
93%
ActualTom Brady
93%
ActualJamaal Charles
93%
ProjectedMarshawn Lynch
92.4%
ProjectedJulio Jones
92.4%
ProjectedLe'Veon Bell
92.4%
ActualLe'Veon Bell
92.4%
ActualMarshawn Lynch
92.4%
ActualJulio Jones
92.4%
ActualJohn Brown
92.4%
ActualJames Jones
92.4%
ProjectedVincent Jackson
91.7%
ProjectedJoique Bell
91.7%
ProjectedTorrey Smith
91.7%
ProjectedFred Jackson
91.7%
ProjectedAlex Smith
91.7%
ProjectedSteve Smith
91.7%
ActualAlex Smith
91.7%
ActualJoique Bell
91.7%
ActualTorrey Smith
91.7%
ActualSteve Smith
91.7%
ActualFred Jackson
91.7%
ActualVincent Jackson
91.7%
ActualGeno Smith
91.7%
ProjectedMatt Forte
91.1%
ProjectedDez Bryant
91.1%
ProjectedDeSean Jackson
91.1%
ProjectedSteven Jackson
91.1%
ProjectedBen Roethlisberger
91.1%
ActualBen Roethlisberger
91.1%
ActualMatt Forte
91.1%
ActualDez Bryant
91.1%
ActualDeSean Jackson
91.1%
ActualSteven Jackson
91.1%
ActualMartavis Bryant
91.1%
ActualMatt Bryant
91.1%
ProjectedDemaryius Thomas
89.8%
ProjectedJimmy Graham
89.8%
ProjectedJulius Thomas
89.8%
ProjectedTony Romo
89.8%
ProjectedPierre Thomas
89.8%
ActualDemaryius Thomas
89.8%
ActualTony Romo
89.8%
ActualJimmy Graham
89.8%
ActualJulius Thomas
89.8%
ProjectedJordy Nelson
89.2%
ActualJordy Nelson
89.2%
ProjectedA.J. Green
88.5%
ProjectedArian Foster
88.5%
ProjectedRob Gronkowski
88.5%
ProjectedCam Newton
88.5%
ActualArian Foster
88.5%
ActualCam Newton
88.5%
ActualRob Gronkowski
88.5%
ActualA.J. Green
88.5%
ProjectedEddie Lacy
87.9%
ProjectedColin Kaepernick
87.9%
ProjectedLadarius Green
87.9%
ActualEddie Lacy
87.9%
ActualColin Kaepernick
87.9%
ProjectedBrandon Marshall
86.6%
ProjectedTerrence Williams
86.6%
ProjectedAndre Williams
86.6%
ProjectedDeAngelo Williams
86.6%
ProjectedMike Williams
86.6%
ActualAndre Williams
86.6%
ActualBrandon Marshall
86.6%
ActualTerrence Williams
86.6%
ProjectedJay Cutler
86%
ActualJay Cutler
86%
ProjectedMatt Ryan
85.4%
ProjectedRobert Griffin III
85.4%
ProjectedRyan Tannehill
85.4%
ActualMatt Ryan
85.4%
Heading Player % Correct
ActualRyan Tannehill
85.4%
ProjectedPhilip Rivers
84.7%
ActualPhilip Rivers
84.7%
ProjectedBen Tate
84.1%
ActualOdell Beckham
84.1%
ProjectedFrank Gore
83.4%
ProjectedGolden Tate
83.4%
ActualGolden Tate
83.4%
ActualFrank Gore
83.4%
ProjectedRandall Cobb
82.8%
ProjectedRoddy White
82.8%
ProjectedVernon Davis
82.8%
ProjectedMatthew Stafford
82.8%
ActualMatthew Stafford
82.8%
ActualRandall Cobb
82.8%
ActualRoddy White
82.8%
ActualKnile Davis
82.8%
ProjectedNick Foles
82.2%
ProjectedHeath Miller
82.2%
ActualHeath Miller
82.2%
ProjectedReggie Bush
81.5%
ProjectedJeremy Hill
81.5%
ProjectedLamar Miller
81.5%
ProjectedAndy Dalton
81.5%
ActualLamar Miller
81.5%
ActualAndy Dalton
81.5%
ActualJeremy Hill
81.5%
ProjectedAlshon Jeffery
80.9%
ActualAlshon Jeffery
80.9%
ProjectedAlfred Morris
80.3%
ActualJoe Flacco
80.3%
ActualAlfred Morris
80.3%
ActualDerek Carr
80.3%
ProjectedGiovani Bernard
79%
ProjectedT.Y. Hilton
79%
ProjectedRay Rice
79%
ProjectedCarson Palmer
79%
ActualT.Y. Hilton
79%
ActualGiovani Bernard
79%
ProjectedDoug Martin
78.3%
ProjectedLarry Fitzgerald
78.3%
ProjectedMike Wallace
78.3%
ActualMike Wallace
78.3%
ActualTeddy Bridgewater
78.3%
ProjectedAntonio Gates
77.7%
ActualAntonio Gates
77.7%
ProjectedRashad Jennings
77.1%
ProjectedGreg Jennings
77.1%
ActualGreg Jennings
77.1%
ActualRashad Jennings
77.1%
ProjectedMike Evans
75.8%
ActualMike Evans
75.8%
ProjectedKeenan Allen
75.2%
ActualDwayne Allen
75.2%
ActualKeenan Allen
75.2%
ProjectedC.J. Spiller
74.5%
ProjectedMichael Crabtree
74.5%
ProjectedMarques Colston
74.5%
ProjectedMark Ingram
74.5%
ProjectedJonathan Stewart
74.5%
ActualMark Ingram
74.5%
ActualJonathan Stewart
74.5%
ActualMarques Colston
74.5%
ActualMichael Crabtree
74.5%
ProjectedJulian Edelman
73.9%
ProjectedJason Witten
73.9%
ActualC.J. Anderson
73.9%
ActualJulian Edelman
73.9%
ActualJason Witten
73.9%
ProjectedEmmanuel Sanders
73.2%
ProjectedTrent Richardson
73.2%
ActualEmmanuel Sanders
73.2%
ProjectedKelvin Benjamin
72.6%
ProjectedAnquan Boldin
72.6%
ActualKelvin Benjamin
72.6%
ActualAnquan Boldin
72.6%
ProjectedRyan Mathews
72%
ProjectedJeremy Maclin
72%
ProjectedEric Decker
72%
ActualJeremy Maclin
72%
ActualEric Decker
72%
ProjectedSammy Watkins
71.3%
ActualRyan Fitzpatrick
71.3%
ActualSammy Watkins
71.3%
ProjectedMartellus Bennett
70.7%
ActualMartellus Bennett
70.7%
ProjectedAndre Ellington
70.1%
ProjectedWes Welker
70.1%
ProjectedLeGarrette Blount
70.1%
ActualBlake Bortles
70.1%
ActualAndre Ellington
70.1%
ActualJustin Forsett
69.4%
ActualMark Sanchez
69.4%
ProjectedPierre Garcon
68.2%
ProjectedDwayne Bowe
68.2%
ActualPierre Garcon
68.2%
ProjectedGreg Olsen
67.5%
ProjectedChris Ivory
67.5%
ProjectedDarren McFadden
67.5%
ActualGreg Olsen
67.5%
Heading Player % Correct
ActualChris Ivory
67.5%
ProjectedMichael Floyd
66.9%
ProjectedDeAndre Hopkins
66.9%
ActualDeAndre Hopkins
66.9%
ActualMalcom Floyd
66.9%
ActualMichael Floyd
66.9%
ProjectedVictor Cruz
66.2%
ActualBrian Hoyer
66.2%
ProjectedDarren Sproles
65.6%
ProjectedTravis Kelce
65.6%
ActualTravis Kelce
65.6%
ActualDarren Sproles
65.6%
ProjectedShane Vereen
65%
ProjectedAhmad Bradshaw
65%
ProjectedJosh McCown
65%
ActualAhmad Bradshaw
65%
ActualShane Vereen
65%
ProjectedZac Stacy
64.3%
ActualCoby Fleener
64.3%
ActualDoug Baldwin
64.3%
ProjectedMontee Ball
63.7%
ProjectedStevan Ridley
63.7%
ProjectedReggie Wayne
63.1%
ActualBrandon LaFell
63.1%
ActualMatt Asiata
62.4%
ActualTre Mason
62.4%
ProjectedKnowshon Moreno
61.8%
ProjectedJordan Matthews
61.8%
ActualJordan Matthews
61.8%
ProjectedPercy Harvin
61.1%
ProjectedKendall Wright
60.5%
ActualKyle Orton
60.5%
ActualIsaiah Crowell
60.5%
ActualKendall Wright
60.5%
ActualDelanie Walker
59.9%
ProjectedMaurice Jones-Drew
59.2%
ActualMohamed Sanu
59.2%
ProjectedTerrance West
58%
ActualTerrance West
58%
ActualJared Cook
57.3%
ProjectedJordan Cameron
56.7%
ProjectedCharles Clay
54.8%
ActualCharles Clay
54.8%
ProjectedCordarrelle Patterson
53.5%
ProjectedZach Ertz
53.5%
ProjectedRiley Cooper
53.5%
ActualZach Ertz
53.5%
ProjectedToby Gerhart
52.9%
ProjectedBrandin Cooks
52.9%
ProjectedSeattle Seahawks
52.9%
ActualOwen Daniels
52.2%
ActualJermaine Gresham
51%
ProjectedRueben Randle
50.3%
ActualRueben Randle
50.3%
ActualKenny Stills
50.3%
ProjectedShonn Greene
49.7%
ProjectedJordan Reed
48.4%
ProjectedBishop Sankey
47.8%
ProjectedKenny Britt
47.8%
ActualKenny Britt
47.8%
ProjectedBrian Hartline
45.9%
ActualBranden Oliver
45.9%
ProjectedCecil Shorts III
45.2%
ActualLarry Donnell
44.6%
ProjectedCarlos Hyde
43.9%
ProjectedDevonta Freeman
43.3%
ActualJarvis Landry
43.3%
ActualAllen Hurns
42.7%
ActualStephen Gostkowski
42%
ActualEddie Royal
40.1%
ProjectedAndrew Hawkins
39.5%
ActualAndrew Hawkins
39.5%
ProjectedHakeem Nicks
38.9%
ActualRobert Woods
38.9%
ProjectedDennis Pitta
38.2%
ProjectedDanny Woodhead
38.2%
ProjectedKyle Rudolph
35.7%
ActualAndre Holmes
35.7%
ProjectedMarkus Wheaton
35%
ActualBuffalo Bills
35%
ActualMychal Rivera
34.4%
ProjectedBernard Pierce
33.8%
ActualPhiladelphia Eagles
33.8%
ActualDan Bailey
33.8%
ActualHouston Texans
33.1%
ActualSt. Louis Rams
33.1%
ProjectedJustin Hunter
32.5%
ActualAdam Vinatieri
29.3%
ActualMason Crosby
28.7%
ProjectedBrian Quick
28%
ActualSteven Hauschka
26.8%
ActualJustin Tucker
22.3%
ActualDan Carpenter
19.1%
ActualCody Parkey
18.5%
ActualShaun Suisham
16.6%
ProjectedJarrett Boykin
15.9%
ProjectedAaron Dobson
10.2%
ActualRandy Bullock
10.2%
ActualCaleb Sturgis
9.6%
ProjectedCody Latimer
4.5%

You're not logged in!

Compare scores with friends on all Sporcle quizzes.
OR
Log In

Sporcle TV

Today on Sporcle TV


Watch our educational content, quiz creation guides, and fun videos on Sporcle TV.

Show Comments

Extras

Top Quizzes Today


Score Distribution

Your Account Isn't Verified!

In order to create a playlist on Sporcle, you need to verify the email address you used during registration. Go to your Sporcle Settings to finish the process.

Report this User

Report this user for behavior that violates our Community Guidelines.

Details: